[Event "Oberliga Nord W 1920"]
[Site "Germany"]
[Date "2020.01.19"]
[Round "5.1"]
[White "Ackermann, Dennie"]
[Black "Stevic, Hrvoje"]
[Result "0-1"]
[WhiteElo "2133"]
[BlackElo "2570"]
[PlyCount "60"]
[EventDate "2019.09.29"]
[EventType "team-tourn"]
[EventRounds "9"]
[EventCountry "GER"]
[SourceTitle "CBM 195 Extra"]
[Source "ChessBase"]
[SourceDate "2020.05.31"]
[SourceVersion "1"]
[SourceVersionDate "2020.05.31"]
[SourceQuality "1"]

1. d4 Nf6 2. c4 g6 3. Nc3 Bg7 4. e4 d6 5. Nf3 0-0 6. h3 e5 7. d5 a5 8. g4 Na6 9. Be3 Nc5 10. Qc2 c6 11. 0-0-0 Qe7 12. g5 Ne8 13. Be2 Bd7 14. Bxc5 dxc5 15. d6 Qd8 16. Na4 b6 17. h4 Rb8 18. Nh2 f6 19. Ng4 fxg5 20. h5 Rf4 21. f3 gxh5 22. Rxh5 Bxg4 23. fxg4 Nxd6 24. Qd3 Bf8 25. Qh3 Rb7 26. Rh1 h6 27. Nc3 Qf6 28. b3 Nxe4 29. Nxe4 Rxe4 30. Bf3 Rf4 0-1

[Event "Oberliga Nord W 1920"]
[Site "Germany"]
[Date "2019.11.24"]
[Round "3.1"]
[White "Ackermann, Dennie"]
[Black "Lingnau, Carsten"]
[Result "0-1"]
[WhiteElo "2133"]
[BlackElo "2418"]
[PlyCount "84"]
[EventDate "2019.09.29"]
[EventType "team-tourn"]
[EventRounds "9"]
[EventCountry "GER"]
[SourceTitle "CBM 195 Extra"]
[Source "ChessBase"]
[SourceDate "2020.05.31"]
[SourceVersion "1"]
[SourceVersionDate "2020.05.31"]
[SourceQuality "1"]

1. Nf3 d5 2. d4 Nf6 3. c4 e6 4. Nc3 Be7 5. Bf4 0-0 6. cxd5 Nxd5 7. Nxd5 Qxd5 8. e3 Bb4+ 9. Nd2 c5 10. a3 Bxd2+ 11. Qxd2 cxd4 12. Qxd4 Qxd4 13. exd4 Nc6 14. Be3 Rd8 15. Rd1 b6 16. Bb5 Ne7 17. 0-0 Bb7 18. Rc1 Nf5 19. Rfd1 Be4 20. Bd3 Bxd3 21. Rxd3 h5 22. g3 Rd5 23. Rcd1 Rad8 24. Kg2 f6 25. Kf3 Kf7 26. Ke2 g5 27. f3 g4 28. fxg4 hxg4 29. b3 Kg6 30. Bg1 Nd6 31. Bf2 Ne4 32. Bg1 Rc8 33. Ke3 f5 34. a4 Rc2 35. Rf1 b5 36. axb5 Rxb5 37. Ra1 a5 38. Rad1 Nc3 39. R1d2 Rc1 40. Rg2 Nd5+ 41. Kd2 Ra1 42. Bf2 a4 0-1

[Event "Oberliga Nord W 1920"]
[Site "Germany"]
[Date "2019.10.20"]
[Round "2.1"]
[White "Bode, Wilfried"]
[Black "Ackermann, Dennie"]
[Result "1/2-1/2"]
[WhiteElo "2343"]
[BlackElo "2133"]
[PlyCount "47"]
[EventDate "2019.09.29"]
[EventType "team-tourn"]
[EventRounds "9"]
[EventCountry "GER"]
[SourceTitle "CBM 195 Extra"]
[Source "ChessBase"]
[SourceDate "2020.05.31"]
[SourceVersion "1"]
[SourceVersionDate "2020.05.31"]
[SourceQuality "1"]

1. Nf3 d5 2. d4 Nf6 3. c4 e6 4. Nc3 Bb4 5. cxd5 Nxd5 6. Bd2 c5 7. Nxd5 Qxd5 8. Bxb4 cxb4 9. e3 0-0 10. Be2 Nc6 11. 0-0 b6 12. Nd2 Bb7 13. Bf3 Qd7 14. Rc1 Rfd8 15. Kh1 e5 16. Qa4 Rac8 17. d5 Ne7 18. Qxd7 Rxd7 19. e4 Ba6 20. Rfd1 g6 21. g3 Rxc1 22. Rxc1 f5 23. Re1 fxe4 24. Nxe4 1/2-1/2

[Event "Oberliga Nord W 1920"]
[Site "Germany"]
[Date "2019.09.29"]
[Round "1.1"]
[White "Abel, Dennes"]
[Black "Ackermann, Dennie"]
[Result "1-0"]
[WhiteElo "2473"]
[BlackElo "2133"]
[PlyCount "93"]
[EventDate "2019.09.29"]
[EventType "team-tourn"]
[EventRounds "9"]
[EventCountry "GER"]
[SourceTitle "CBM 195 Extra"]
[Source "ChessBase"]
[SourceDate "2020.05.31"]
[SourceVersion "1"]
[SourceVersionDate "2020.05.31"]
[SourceQuality "1"]

1. d4 d5 2. c4 e6 3. g3 Nf6 4. Bg2 Be7 5. Nf3 0-0 6. 0-0 dxc4 7. Qc2 b5 8. a4 Bb7 9. axb5 a6 10. bxa6 Nxa6 11. Qxc4 Bd5 12. Qd3 Nb4 13. Rxa8 Qxa8 14. Qd1 c5 15. Nc3 Bc6 16. dxc5 Bxc5 17. Ne1 Nfd5 18. Nxd5 Nxd5 19. Nd3 Be7 20. Ne5 Bb7 21. Bxd5 Bxd5 22. Nd7 Rd8 23. Nb6 Qb7 24. Nxd5 Rxd5 25. Qc2 Rb5 26. Rd1 Bf6 27. Rd3 g6 28. b3 Ra5 29. Bb2 e5 30. Rc3 Ra2 31. Rc4 Ra6 32. Rc7 Qd5 33. e4 Qa5 34. Qc4 Re6 35. b4 Qa4 36. Kg2 Be7 37. Bc3 h5 38. h4 Kh7 39. b5 Qxc4 40. Rxc4 Bd8 41. Rc5 f6 42. Rd5 Bb6 43. Rd7+ Kg8 44. Bb4 f5 45. exf5 gxf5 46. Bd2 Kh8 47. Rf7 1-0

[Event "Oberliga Nord W 1819"]
[Site "Germany"]
[Date "2019.02.03"]
[Round "6.1"]
[White "Bokros, Albert"]
[Black "Ackermann, Dennie"]
[Result "1-0"]
[WhiteElo "2465"]
[BlackElo "2158"]
[PlyCount "61"]
[EventDate "2018.10.21"]
[EventType "team-tourn"]
[EventRounds "9"]
[EventCountry "GER"]
[SourceTitle "EXT 2020"]
[Source "ChessBase"]
[SourceDate "2019.10.17"]
[SourceVersion "1"]
[SourceVersionDate "2019.10.17"]
[SourceQuality "1"]
[WhiteTeam "Tostedt"]
[BlackTeam "Hannover SF"]
[WhiteTeamCountry "GER"]
[BlackTeamCountry "GER"]

1. e4 c5 2. Nf3 e6 3. d3 b6 4. g3 Bb7 5. Be2 Nc6 6. 0-0 Be7 7. c3 d5 8. e5 g5 9. Re1 h5 10. Na3 Nh6 11. Qa4 Rc8 12. Nb5 a6 13. Nd6+ Bxd6 14. exd6 b5 15. Qd1 g4 16. Nh4 Kd7 17. a4 Kxd6 18. axb5 axb5 19. Bf4+ Kd7 20. Qd2 Ng8 21. c4 bxc4 22. dxc4 d4 23. b4 Qb6 24. bxc5 Qxc5 25. Rab1 Ba6 26. Ra1 Bb7 27. Reb1 Ba8 28. Rb5 Qxc4 29. Bf1 Qc3 30. Qa2 d3 31. Rd1 1-0

[Event "Oberliga Nord W 1718"]
[Site "Germany"]
[Date "2018.03.18"]
[Round "8.2"]
[White "Ackermann, Dennie"]
[Black "Buchal, Stephan"]
[Result "1/2-1/2"]
[WhiteElo "2172"]
[BlackElo "2347"]
[PlyCount "44"]
[EventDate "2017.10.08"]
[EventType "team-tourn"]
[EventRounds "9"]
[EventCountry "GER"]
[SourceTitle "EXT 2019"]
[Source "ChessBase"]
[SourceDate "2018.10.10"]
[SourceVersion "1"]
[SourceVersionDate "2018.10.10"]
[SourceQuality "1"]
[WhiteTeam "Hannover"]
[BlackTeam "Werder Bremen III"]
[WhiteTeamCountry "GER"]
[BlackTeamCountry "GER"]

1. d4 g6 2. e4 Bg7 3. Nc3 d6 4. f4 Nf6 5. Nf3 c5 6. Bb5+ Bd7 7. e5 Ng4 8. Bxd7+ Qxd7 9. h3 cxd4 10. Qxd4 Nh6 11. g4 f6 12. exd6 Nc6 13. Qe3 0-0 14. Bd2 Qxd6 15. 0-0-0 Rae8 16. Be1 Qb8 17. Bg3 Nf7 18. Ne4 Rd8 19. Nc5 Rxd1+ 20. Rxd1 Rd8 21. Re1 Qc8 22. a3 e5 1/2-1/2

[Event "Oberliga Nord W 1718"]
[Site "Germany"]
[Date "2018.01.21"]
[Round "5.2"]
[White "Ewert, Hannes"]
[Black "Ackermann, Dennie"]
[Result "1-0"]
[WhiteElo "2285"]
[BlackElo "2172"]
[PlyCount "57"]
[EventDate "2017.10.08"]
[EventType "team-tourn"]
[EventRounds "9"]
[EventCountry "GER"]
[SourceTitle "EXT 2019"]
[Source "ChessBase"]
[SourceDate "2018.10.10"]
[SourceVersion "1"]
[SourceVersionDate "2018.10.10"]
[SourceQuality "1"]
[WhiteTeam "Hellern"]
[BlackTeam "Hannover"]
[WhiteTeamCountry "GER"]
[BlackTeamCountry "GER"]

1. Nf3 c5 2. c4 Nc6 3. Nc3 e6 4. g3 Nf6 5. Bg2 d5 6. cxd5 exd5 7. d4 Be7 8. 0-0 0-0 9. dxc5 Bxc5 10. Na4 Be7 11. Be3 Re8 12. Rc1 Ne4 13. Nd4 Bf6 14. Nxc6 bxc6 15. Rxc6 Bd7 16. Rc1 d4 17. Bf4 Qa5 18. Bxe4 Bxa4 19. Qd3 Rxe4 20. Qxe4 Re8 21. Qb7 Qf5 22. Qxa7 Bc2 23. Qc7 Be4 24. Rc5 Qh3 25. f3 Ba8 26. Bg5 d3 27. e3 Bxb2 28. Qd6 Be5 29. Rxe5 1-0

[Event "Oberliga Nord W 1314"]
[Site "Germany"]
[Date "2014.03.16"]
[Round "8.2"]
[White "Hoeffer, David"]
[Black "Ackermann, Dennie"]
[Result "1-0"]
[WhiteElo "2241"]
[BlackElo "2099"]
[PlyCount "91"]
[EventDate "2013.10.13"]
[EventType "team-tourn"]
[EventRounds "9"]
[EventCountry "GER"]
[SourceTitle "EXT 2015"]
[Source "ChessBase"]
[SourceDate "2014.11.20"]
[SourceVersion "1"]
[SourceVersionDate "2014.11.20"]
[SourceQuality "1"]
[WhiteTeam "Delmenhorst"]
[BlackTeam "Hannover SF"]
[WhiteTeamCountry "GER"]
[BlackTeamCountry "GER"]

1. d4 d5 2. Nf3 e6 3. c4 c6 4. g3 dxc4 5. Bg2 Bb4+ 6. Bd2 Bxd2+ 7. Nbxd2 b5 8. Qc2 Bb7 9. Ne4 Na6 10. 0-0 Nf6 11. Nc5 Nxc5 12. dxc5 Qe7 13. b4 a5 14. a3 0-0 15. e4 Rfd8 16. Rad1 Ne8 17. Nd4 axb4 18. axb4 Nf6 19. h3 g6 20. Qc3 e5 21. Nc2 Ne8 22. f4 Rxd1 23. Rxd1 exf4 24. gxf4 Rd8 25. Rd4 Rxd4 26. Qxd4 f6 27. Ne3 Kf7 28. Ng4 h5 29. Ne3 Nc7 30. f5 g5 31. Bf3 h4 32. Ng4 Na6 33. Qc3 Nb8 34. e5 fxe5 35. Nxe5+ Kg8 36. Ng6 Qg7 37. Qe3 Nd7 38. Qxg5 Nf8 39. Qd8 Qa1+ 40. Kh2 Qa2+ 41. Bg2 Qa8 42. Qc7 Nh7 43. Qe5 Nf8 44. Qh8+ Kf7 45. Ne5+ Ke8 46. Qg7 1-0

[Event "Oberliga Nord W 1314"]
[Site "Germany"]
[Date "2013.11.24"]
[Round "3.4"]
[White "Ackermann, Dennie"]
[Black "David, Adrian"]
[Result "0-1"]
[WhiteElo "2099"]
[BlackElo "2282"]
[PlyCount "90"]
[EventDate "2013.10.13"]
[EventType "team-tourn"]
[EventRounds "9"]
[EventCountry "GER"]
[SourceTitle "EXT 2015"]
[Source "ChessBase"]
[SourceDate "2014.11.20"]
[SourceVersion "1"]
[SourceVersionDate "2014.11.20"]
[SourceQuality "1"]
[WhiteTeam "Hannover SF"]
[BlackTeam "Hameln"]
[WhiteTeamCountry "GER"]
[BlackTeamCountry "GER"]

1. c4 b6 2. Nf3 Bb7 3. g3 Bxf3 4. exf3 c5 5. d4 cxd4 6. Qxd4 Nc6 7. Qd1 g6 8. Nc3 Bg7 9. Be3 Rc8 10. Rc1 Nh6 11. g4 f5 12. Qd2 Nf7 13. Be2 e6 14. b3 Qh4 15. Rd1 0-0 16. h3 fxg4 17. fxg4 Ng5 18. Rh2 h6 19. Bxg5 hxg5 20. Ne4 Be5 21. Rh1 Bd4 22. Qxg5 Bc3+ 23. Rd2 Qxg5 24. Nxg5 Bxd2+ 25. Kxd2 Rxf2 26. Ke3 Rff8 27. h4 Kg7 28. h5 gxh5 29. Rxh5 Rh8 30. Rxh8 Rxh8 31. Nf3 Rh1 32. Nd2 Re1 33. Kf2 Ra1 34. a4 Nd4 35. Ke3 e5 36. Nf3 Nxf3 37. Kxf3 Rb1 38. Ke4 Rxb3 39. Bd1 Rb1 40. Bc2 Rc1 41. Bd3 Re1+ 42. Kf5 d6 43. g5 Ra1 44. Ke6 Rxa4 45. Kxd6 e4 0-1